Kultúrna identita Rómov rómska kultúrna identita ako kľúčový segment pri presadzovaní ľudských práv a v procese integrácie

Podrobná bibliografia
Hlavní autori: Magdolenová, Kristína (Author), Vaňová, Jarmila (Author)
Médium: Článok
Jazyk:Slovak
Témy:
ISBN: 9788096930180
Zdroj: 1. Kultúrna identita Rómov 1. Košice : MECEM, 2013 1. 126 s. 1. 9788096930180
LEADER 00947naa#a2200313#ar4500
001 000112913
003 SVKKK
005 20140514110015.0
008 081016s2006 xo #|0||||||||0|||b|slo
FMT
015 |a SNBRA2014/05 
038 |a SVKKK 
040 |a SVKKK  |b slo  |e AACR2 
041 0 |a slo 
044 |a xo  |c SK 
080 |a 316.022.4  |x (=214.58)  |2 2008 
100 1 |a Magdolenová, Kristína  |4 aut 
245 1 0 |a Kultúrna identita Rómov  |b rómska kultúrna identita ako kľúčový segment pri presadzovaní ľudských práv a v procese integrácie  |c Kristína Magdolenová, Jarmila Vaňová 
504 |a Bibliogr. odkazy 
650 0 4 |a rómska kultúra  |x hudba  |x médiá  |x literatúra  |z Slovensko 
773 0 |t Kultúrna identita Rómov  |d Košice : MECEM, 2013  |g 126 s.  |z 9788096930180 
700 1 |a Vaňová, Jarmila  |4 aut 
958 |a NB 
958 |a RQ 
974 |a Fav 
992 |a RZB 
BAS
852 |a SVKKK  |b BIB 
998 |a ROM